000 00254nam a2200109Ia 4500
008 231212s1980 xx 000 0 und d
041 _aeng
082 _a621.381
100 _aGlinka
245 _aProblems and Exercises
260 _aMascow
_bMir Pub
_c1980
999 _c958424
_d958424